Statistiken für Hauptstädte mit dem Buchstaben A als zweitem Buchstaben

Klicken Sie hier um das Quiz zu spielen!

Allgemein

  • Dieses Quiz wurde 623 mal gespielt
    (360 seit der letzten Aktualisierung)
  • Das Durchschnittsergebnis liegt bei 48 aus 62

Antwortstatistiken

Hauptstadt% Korrekt
Washington
93%
Paris
93%
Madrid
93%
Kairo
93%
Canberra
92%
Tallinn
91%
Zagreb
90%
Bagdad
87%
Caracas
86%
Santiago
86%
Nairobi
85%
Panama-Stadt
85%
Rabat
85%
San Jose
83%
San Marino
83%
Vaduz
83%
Bangkok
83%
Damaskus
83%
Warschau
83%
Dakar
82%
Jakarta
81%
Vatikanstadt
81%
Hanoi
81%
Baku
81%
Manila
81%
Managua
79%
Bamako
79%
Sanaa
79%
Kabul
79%
Manama
77%
Bangui
77%
Havanna
77%
Maputo
77%
Malé
76%
Santo Domingo
76%
Taschkent
76%
Nassau
74%
Kampala
73%
Maskat
73%
Maseru
73%
Banjul
73%
Malabo
72%
Valletta
72%
Sarajevo
70%
Paramaribo
70%
Kathmandu
70%
Kapstadt
70%
Yaren
69%
San Salvador
69%
Castries
68%
Harare
68%
Basseterre
68%
La Paz
67%
Bandar Seri Begawan
66%
Sao Tome
66%
Palikir
64%
Taipeh
63%
Yamoussoukro
63%
Gaborone
62%
Majuro
60%
Yaoundé
57%
Naypyidaw
56%

Verteilung der Resultate

Perzentil nach korrekt beantworteten Fragen

Anzahl Personen mit jedem Resultat

Ihre Resultats-Entwicklung

Sie haben dieses Quiz seit der letzten Aktualisierung nicht gespielt